000 00693nam a22001937a 4500
005 20251108173252.0
008 250721s2006 xx 000 0 ara d
082 1 4 _a615.89/ابرا
100 1 _aإبراهيم، موسى
245 1 0 _aالعلاج بالعسل شرح وافي لأهمية العسل الغذائية والصحية ودوره الفعال في علاج كثير من الأمراض /
264 1 _aعمان :
_bدار الوضاح للنشر والتوزيع،
_c2006.
300 _a80ص
650 1 7 _aالطب الشعبي
650 1 7 _aالعسل
650 1 7 _aنحل العسل
650 1 7 _aالحشرات النافعة
942 _2ddc
_cBK
999 _c99965
_d99965